Henry Miller
Gespeichert in:
| 1. Verfasser: | |
|---|---|
| Format: | Buch |
| Sprache: | Spanisch |
| Veröffentlicht: |
Buenos Aires
Pleamar
1974
|
| Schriftenreihe: | Protagonistas Literarios
|
| Schlagworte: | |
| Tags: |
Tag hinzufügen
Keine Tags, Fügen Sie den ersten Tag hinzu!
|
MARC
| LEADER | 00000nam a2200000 a 4500 | ||
|---|---|---|---|
| 001 | UCQ4535 | ||
| 003 | CL-VaPUC | ||
| 005 | 20220113163809.0 | ||
| 008 | 980904e19740000AG |||||||||||||||||spa|d | ||
| 999 | |c 274907 |d 274905 | ||
| 040 | |c Pontificia Universidad Católica de Valparaíso | ||
| 082 | 0 | 4 | |a 813.09 |b WID |2 21 |
| 100 | 0 | |a Widmer, Kingsley |e author |9 418699 | |
| 245 | 1 | 0 | |a Henry Miller |
| 260 | |a Buenos Aires |b Pleamar |c 1974 | ||
| 300 | |a 273 p | ||
| 490 | 0 | |a Protagonistas Literarios | |
| 583 | |a last modification |c 19980904 00:00:00 |k Rodrigo Vera | ||
| 600 | |a Miller, Henry, |d 1891-1980 |9 865797 | ||
| 650 | 0 | |a Novelas estadounidenses |9 265217 | |
| 650 | 0 | |a Literatura estadounidense |9 317168 | |
| 650 | 0 | |a Crítica e interpretación |9 255042 | |
| 650 | 0 | |a Crítica literaria |9 269189 | |
| 942 | |c BK |2 ddc | ||
| 945 | |d 19980904 00:00:00 |a lriquelm | ||
| 952 | |0 0 |1 0 |4 0 |6 813_090000000000000_WID_1974 |7 0 |8 A |9 311278 |a BIBEDU |b BIBEDU |d 2019-11-20 |i 1462938 |o 813.09 WID 1974 |p 1462938 |r 2019-11-20 |w 2019-11-20 |y BK |k LIT | ||